000 00402 a2200145 4500
005 20250716104434.0
020 _a978-0-273-72297-7
082 _a657 DYS
100 _aDYSON,J.R.
245 _aAccounting for non-accounting students.
250 _a8th Ed.
260 _aEdinburgh Gate,
_bPearson Education Limited,
_c2010.
300 _axx,519p.:ill.figures
_bAppendix and Index
_c27Cm
942 _2ddc
_cBKS
999 _c6734
_d6734